00418nam a22001337a 450000500170000000800410001704100220005808200120008010000230009224500660011526000470018130000310022865000250025920240802120609.0240802b |||||||| |||| 00| 0 eng d aEnglish/Afrikaans a349 SOU lEnglish/Afrikaans  aSouth African Law Reports: Natal cD.B Pattison and H. Murray aJohannesburg: bDigma Publications,c1973  blxvi, 348 pages; c24 cm.  aLegal practice bLaw